000 00441nam a2200181Ia 4500
005 20240823010856.0
008 240823s9999||||xx |||||||||||||| ||und||
082 _A658.15 P0
100 _aKhan M Y
245 0 _aTheory and Problems in Financial Management
250 _a2nd
260 _c2000
_b"TMH,New Delhi"
500 _aYES
650 _aManagement
_bManagement Studies
700 _a Jain P K
942 _cBK
999 _c159901
_d159901